Manejo, riego y abonado del Suelo.

Uloženo v:
Podrobná bibliografie
Hlavní autor: Gil-Albert Velarde, Fernando (autor)
Médium: Neznámo
Vydáno: Madrid, España: Ediciones Paraninfo, 2015.
Témata:
Tagy: Přidat tag
Žádné tagy, Buďte první, kdo vytvoří štítek k tomuto záznamu!

MARC

LEADER 00000 a2200000 4500
003 CL-VaPUC
005 20250314121449.0
008 250310t2015 ||||| |||| 00| 0 eng d
999 |c 445626  |d 445624 
020 |a 9788428333818 
040 |c Pontificia Universidad Católica de Valparaíso 
082 7 |a 631.4 GIL 2015  |2 22 
100 |a Gil-Albert Velarde, Fernando  |9 600550  |e autor 
245 |a Manejo, riego y abonado del Suelo. 
260 |a Madrid, España:  |b Ediciones Paraninfo,  |c 2015. 
300 |a 195 páginas :  |b ilustraciones.  
500 |a En la cubierta : Certificado de profesionalidad AGAF0108 Fruticultura, MF0528_2>UF0012. 
583 |k GC  |c 20250310 
650 |a Suelo  |x Manejo y conservación   |9 896461 
650 |a Suelo   |x Riego  |9 896462 
942 |2 ddc  |c BK 
952 |0 0  |1 0  |2 ddc  |4 0  |6 631_400000000000000_GIL_2015  |7 0  |8 A  |9 600636  |a BIBAGR  |b BIBAGR  |d 2025-03-05  |e 3  |g 38026.00  |i 5665556  |o 631.4 GIL 2015  |p 5665556  |r 2025-03-05  |t 1  |v 38026.00  |w 2025-03-05  |y BK  |k AGR 
952 |0 0  |1 0  |2 ddc  |4 0  |6 631_400000000000000_GIL_2015  |7 0  |8 A  |9 600637  |a BIBAGR  |b BIBAGR  |d 2025-03-05  |e 3  |g 38026.00  |i 5665557  |o 631.4 GIL 2015  |p 5665557  |r 2025-03-05  |t 2  |v 38026.00  |w 2025-03-05  |y BK  |k AGR